000 00581nam a2200181 a 4500
001 BRCA_410
005 20190320203010.0
008 940407s1993 mx-a---###---#000-0#spa-#
020 _a9686658203 (versión en español)
040 _aDLC
_cDLC
_dDLC
050 4 _aNK4031
_b.T54 1993
245 1 0 _aTierra que canta
_bbarro mexicano
_cdirección de Mauricio Rosas Martínez.
260 _aMéxico
_bBancomext
_c1993
300 _a136 p.
_bil. a color
_c32 cm.
650 1 4 _aCerámica mexicana
_xTemas, motivos
_ySiglo XX
_91398
700 1 _aMartínez Rosas, Mauricio
_91399
942 _2lcc
_cB
999 _c345
_d345